[Event "Olimpiade 2014 - Open"]
[Site "Tromsø"]
[Date "02.08.2014"]
[Round "1.77"]
[Board "1"]
[White "Steel, Henry Robert"]
[Black "Lettsome, Maurice"]
[Result "1-0"]
[WhiteTitle "IM"]
[WhiteElo "2399"]
[BlackElo "1783"]
[WhiteTeam "South Africa"]
[BlackTeam "British Virgin Isles"]
[WhiteFideId "14300567"]
[BlackFideId "2700093"]
[EventDate "2014.08.02"]

1. e4 c5 2. b3 Nc6 3. Bb2 d6 4. f4 Nf6 5. Nc3 e6 6. Nf3 a6 7. d4 cxd4 8. Nxd4
Bd7 9. Nxc6 Bxc6 10. Bd3 Be7 11. O-O O-O 12. Kh1 b5 13. Qf3 Qc7 14. Rae1 Rfd8
15. Qh3 h6 16. e5 Nh7 17. f5 Ng5 18. Qg4 dxe5 19. fxe6 Nxe6 20. Ne4 Bxe4 21.
Bxe4 Rac8 22. Bxe5 1-0

[Event "Olimpiade 2014 - Open"]
[Site "Tromsø"]
[Date "02.08.2014"]
[Round "1.77"]
[Board "2"]
[White "Christopher, Art"]
[Black "Kobese, Watu"]
[Result "0-1"]
[BlackTitle "IM"]
[WhiteElo "1668"]
[BlackElo "2333"]
[WhiteTeam "British Virgin Isles"]
[BlackTeam "South Africa"]
[WhiteFideId "2700085"]
[BlackFideId "14300141"]
[EventDate "2014.08.02"]

1. e4 c5 2. Nf3 Nc6 3. d4 cxd4 4. Nxd4 Qb6 5. c3 Nf6 6. Nxc6 dxc6 7. Bd3 e5 8.
h3 Be7 9. O-O O-O 10. b3 h6 11. Be3 Bc5 12. Bxc5 Qxc5 13. Qc2 Nh5 14. Nd2 Nf4
15. Nf3 Qd6 16. Rad1 Qg6 17. Nh4 Nxh3+ 18. Kh2 Qg4 19. Nf5 Bxf5 20. exf5 Nf4 21.
f3 Qh4+ 22. Kg1 Rad8 23. Be4 Qg3 24. Kh1 h5 25. Rxd8 Rxd8 26. Qf2 h4 27. Qxg3
hxg3 28. Rc1 Rd2 29. a4 Rxg2 30. Rc2 Rf2 31. Kg1 Nh3+ 32. Kh1 g2+ 33. Kh2 g1=Q+ 0-1

[Event "Olimpiade 2014 - Open"]
[Site "Tromsø"]
[Date "02.08.2014"]
[Round "1.85"]
[Board "2"]
[White "Yarmonov, Igor"]
[Black "Mamedov, Rauf"]
[Result "0-1"]
[WhiteTitle "IM"]
[BlackTitle "GM"]
[WhiteElo "2329"]
[BlackElo "2659"]
[WhiteTeam "IPCA"]
[BlackTeam "Azerbaijan"]
[WhiteFideId "14114496"]
[BlackFideId "13401653"]
[EventDate "2014.08.02"]

1. d4 g6 2. e4 Bg7 3. Nf3 d6 4. Bd3 Nf6 5. O-O O-O 6. h3 c5 7. d5 e5 8. dxe6
Bxe6 9. c3 Nc6 10. Be3 Qe7 11. Nbd2 Rad8 12. Re1 h6 13. Bb5 Qc7 14. Qc2 a6 15.
Bf1 Rfe8 16. a3 Qe7 17. Bf4 Nh5 18. Bh2 Qf6 19. Re3 Nf4 20. Nc4 Ne5 21. Ncxe5
dxe5 22. Rd1 c4 23. Nd2 b5 24. Bxf4 Qxf4 25. Ree1 Bf8 26. g3 Qf6 27. Bg2 Bc5 28.
Nf1 h5 29. Ne3 Rxd1 30. Rxd1 Bxe3 31. fxe3 Qg5 32. Qf2 a5 33. h4 Qe7 34. Bf3 b4
35. axb4 axb4 36. cxb4 Qxb4 37. Qd2 Qc5 38. Rc1 Rb8 39. Rc2 Kh7 40. Qc1 Qc6 41.
Qd2 Qa4 42. Qc1 Qa8 43. Kf2 Rb6 44. Qd2 Qa4 45. Qc1 Qd7 46. Rd2 Qe7 47. Kg1 Rb3
48. Rc2 Qb7 49. Bg2 Qb6 50. Kf2 Bg4 51. Rxc4 Rxb2+ 52. Rc2 Rb1 53. Rc6 Qb4 54.
Qc3 Qa4 55. Rd6 Qa2+ 56. Rd2 Qe6 0-1

[Event "Olimpiade 2014 - Open"]
[Site "Tromsø"]
[Date "02.08.2014"]
[Round "1.85"]
[Board "4"]
[White "Vodyasov, Evgeny"]
[Black "Guseinov, Gadir"]
[Result "0-1"]
[WhiteTitle "IM"]
[BlackTitle "GM"]
[WhiteElo "2226"]
[BlackElo "2613"]
[WhiteTeam "IPCA"]
[BlackTeam "Azerbaijan"]
[WhiteFideId "4135164"]
[BlackFideId "13401378"]
[EventDate "2014.08.02"]

1. d4 g6 2. e4 Bg7 3. Nf3 d6 4. Be2 Nf6 5. Nc3 O-O 6. O-O a6 7. a4 b6 8. Re1 Bb7
9. Bf1 e6 10. Bf4 h6 11. h3 Nbd7 12. Qd2 Kh7 13. Rad1 Qe7 14. g4 Rad8 15. Bg2 e5
16. Bg3 c6 17. dxe5 Nxe5 18. Nd4 b5 19. axb5 axb5 20. f3 b4 21. Nce2 Nc4 22. Qc1
c5 23. Nb3 Nd7 24. c3 Ndb6 25. Nf4 bxc3 26. bxc3 Qf6 27. Rd3 Ba6 28. Nd2 Nxd2
29. Rxd2 Qxc3 30. Nd5 Nxd5 31. Rxd5 Bc4 32. Rxd6 Rxd6 33. Bxd6 Qd4+ 34. Kh1 Qxd6
35. Qxc4 Qg3 36. Rd1 Be5 37. Kg1 Bd4+ 38. Kh1 Kg8 39. Rf1 Be5 0-1

[Event "Olimpiade 2014 - Open"]
[Site "Tromsø"]
[Date "02.08.2014"]
[Round "1.86"]
[Board "3"]
[White "Lima, Osvaldo Dos Santos"]
[Black "Stachanczyk, Jacek"]
[Result "0-1"]
[BlackTitle "FM"]
[WhiteElo "1751"]
[BlackElo "2299"]
[WhiteTeam "Sao Tome & Principe"]
[BlackTeam "IBCA"]
[WhiteFideId "14306352"]
[BlackFideId "1116657"]
[EventDate "2014.08.02"]

1. c4 g6 2. Nc3 Bg7 3. d4 Nf6 4. e4 d6 5. Nf3 O-O 6. Bd3 e5 7. d5 Nbd7 8. Bg5 h6
9. Bd2 Nc5 10. Bc2 a5 11. a4 Nh5 12. O-O Nf4 13. Ne2 Nxe2+ 14. Qxe2 f5 15. Bc3
fxe4 16. Bxe4 Rf4 17. Nd2 Qg5 18. f3 Bd7 19. b3 b6 20. Kh1 Raf8 21. g3 R4f7 22.
Bc2 Bh3 23. Rf2 Qh5 24. Rg1 e4 25. Bxg7 exf3 26. Rxf3 Bg4 27. Bxf8 Rxf3 28. Bxh6
g5 29. Bxg5 Rf5 30. Qe3 Rxg5 31. Rf1 Bh3 32. Bd1 Qg6 33. Rf4 Re5 34. Qf2 Nd3 35.
Rf8+ Kg7 36. Nf3 0-1

[Event "Olimpiade 2014 - Open"]
[Site "Tromsø"]
[Date "03.08.2014"]
[Round "2.1"]
[Board "1"]
[White "Kramnik, Vladimir"]
[Black "Al-Modiahki, Mohamad"]
[Result "1-0"]
[WhiteTitle "GM"]
[BlackTitle "GM"]
[WhiteElo "2760"]
[BlackElo "2549"]
[WhiteTeam "Russia"]
[BlackTeam "Qatar"]
[WhiteFideId "4101588"]
[BlackFideId "12100030"]
[EventDate "2014.08.02"]

1. Nf3 Nf6 2. c4 g6 3. Nc3 Bg7 4. e4 d6 5. d4 O-O 6. Be2 e5 7. O-O Qe8 8. dxe5
dxe5 9. b4 Qe7 10. b5 a6 11. a4 axb5 12. cxb5 Rd8 13. Qc2 Nbd7 14. Ba3 Qe8 15.
Rfd1 Bf8 16. Bxf8 Nxf8 17. Rxd8 Qxd8 18. Nxe5 Qd4 19. Nf3 Qc5 20. Qb2 Ng4 21.
Nd1 Nd7 22. Rc1 Qb6 23. Nd2 Nc5 24. Nc4 Qf6 25. Bxg4 1-0

[Event "Olimpiade 2014 - Open"]
[Site "Tromsø"]
[Date "03.08.2014"]
[Round "2.1"]
[Board "2"]
[White "Zhu, Chen"]
[Black "Grischuk, Alexander"]
[Result "0-1"]
[WhiteTitle "GM"]
[BlackTitle "GM"]
[WhiteElo "2461"]
[BlackElo "2795"]
[WhiteTeam "Qatar"]
[BlackTeam "Russia"]
[WhiteFideId "8600546"]
[BlackFideId "4126025"]
[EventDate "2014.08.02"]

1. d4 d6 2. e4 Nf6 3. Bd3 e5 4. c3 d5 5. dxe5 Nxe4 6. Nf3 Nc6 7. Nbd2 Nc5 8. Bc2
Bg4 9. h3 Bh5 10. b4 Ne6 11. Ba4 Be7 12. Bxc6+ bxc6 13. Qa4 O-O 14. Qxc6 a5 15.
Nd4 axb4 16. N2b3 bxc3 17. O-O Nxd4 18. Nxd4 Bg6 19. Rd1 Qc8 20. Qxc3 c5 21. Nb5
Ra4 22. Nd6 Bxd6 23. exd6 d4 24. Qg3 Qc6 25. Bf4 d3 26. Rdc1 c4 27. Rc3 Qd5 28.
Qe3 f6 29. a3 Re8 30. Qf3 Qxf3 31. gxf3 Bf7 32. Rb1 Rd8 33. Kf1 g5 34. Bg3 Be6
35. h4 gxh4 36. Bf4 Ra5 37. Re1 Kf7 38. Re4 h3 39. Ke1 Rb5 40. Rxe6 Kxe6 41.
Rxc4 Rb2 42. Bg3 Re2+ 0-1

[Event "Olimpiade 2014 - Open"]
[Site "Tromsø"]
[Date "03.08.2014"]
[Round "2.1"]
[Board "3"]
[White "Karjakin, Sergey"]
[Black "Nezad, Husein Aziz"]
[Result "1-0"]
[WhiteTitle "GM"]
[BlackTitle "IM"]
[WhiteElo "2786"]
[BlackElo "2365"]
[WhiteTeam "Russia"]
[BlackTeam "Qatar"]
[WhiteFideId "14109603"]
[BlackFideId "12100293"]
[EventDate "2014.08.02"]

1. d4 d5 2. Nf3 c6 3. Bf4 Bf5 4. e3 Qb6 5. Qc1 Nd7 6. c4 e6 7. Nc3 Ngf6 8. h3 h6
9. c5 Qd8 10. b4 Be7 11. Be2 O-O 12. O-O Ne4 13. Na4 Bf6 14. Nb2 Ng5 15. Nd2 e5
16. dxe5 Nxe5 17. Bxe5 Bxe5 18. f4 Bxb2 19. Qxb2 Ne4 20. Nf3 Re8 21. Kh2 Qc7 22.
Nd4 Bh7 23. Rac1 Re7 24. Rf3 Rae8 25. Bd3 Kh8 26. Kg1 Qd7 27. b5 Nf6 28. f5 Rxe3
29. Rxe3 Rxe3 30. bxc6 bxc6 31. Qb8+ Bg8 32. Bf1 Re4 33. Rd1 h5 34. Qd6 Qb7 35.
Qxc6 Qb2 36. Qa4 Re3 37. c6 Rc3 38. Qxa7 Ne4 39. Ne2 Rxc6 40. Rxd5 Rc2 41. Qe3
Nf6 42. Ra5 Rc8 43. Qd4 Qb1 44. Nc3 Qe1 45. Rc5 Rxc5 46. Qxc5 h4 47. Ne2 Ne4 48.
Qd4 Nd2 49. Qf2 Qxf2+ 50. Kxf2 f6 51. a4 Bc4 52. g4 hxg3+ 53. Nxg3 Nxf1 54. Nxf1
g6 55. Ne3 Bd3 56. fxg6 Bxg6 57. Nd5 Kg7 58. Ke3 Be8 59. a5 Kg6 60. a6 1-0

[Event "Olimpiade 2014 - Open"]
[Site "Tromsø"]
[Date "03.08.2014"]
[Round "2.1"]
[Board "4"]
[White "Al-Tamimi, Hamad"]
[Black "Nepomniachtchi, Ian"]
[Result "1/2-1/2"]
[BlackTitle "GM"]
[WhiteElo "2186"]
[BlackElo "2714"]
[WhiteTeam "Qatar"]
[BlackTeam "Russia"]
[WhiteFideId "12100285"]
[BlackFideId "4168119"]
[EventDate "2014.08.02"]

1. e4 d6 2. d4 Nf6 3. Nc3 g6 4. g3 Bg7 5. Bg2 O-O 6. h3 Nbd7 7. Nge2 Rb8 8. a4
c5 9. Be3 b6 10. O-O cxd4 11. Bxd4 Bb7 12. g4 Nc5 13. Ng3 e5 14. Be3 Ne6 15. Qd2
Qe7 16. Nb5 Rfd8 17. g5 Ne8 18. Nxa7 Nf4 19. h4 Nxg2 20. Kxg2 Ba8 21. Nb5 d5 22.
Qe2 dxe4 23. Rfd1 f5 24. gxf6 Nxf6 25. Rxd8+ Rxd8 26. Rd1 Nd5 27. Nc3 Nf4+ 28.
Bxf4 exf4 29. Rxd8+ Qxd8 30. Qc4+ Kf8 31. Ngxe4 Bxc3 32. bxc3 Kg7 33. f3 Bxe4
34. Qxe4 Qxh4 35. c4 h5 36. c3 Kh7 37. Qd3 Kh6 38. Qd5 Qe1 39. Qa8 Qe7 40. Kf1
Kg5 41. Qd5+ Kh4 42. Qd4 Qc7 43. Kg2 Kg5 44. Qd5+ Kh6 45. Qd4 Kh7 46. c5 bxc5
47. Qf6 c4 48. a5 Qxa5 49. Qf7+ Kh6 50. Qf8+ Kg5 51. Qe7+ Kf5 52. Qf7+ Ke5 53.
Qe7+ Kf5 54. Qf7+ Kg5 55. Qe7+ Kh6 56. Qf8+ Kh7 57. Qf7+ Kh6 1/2-1/2

[Event "Olimpiade 2014 - Open"]
[Site "Tromsø"]
[Date "03.08.2014"]
[Round "2.2"]
[Board "1"]
[White "Urkedal, Frode"]
[Black "Ivanchuk, Vassily"]
[Result "1-0"]
[WhiteTitle "IM"]
[BlackTitle "GM"]
[WhiteElo "2500"]
[BlackElo "2744"]
[WhiteTeam "Norway 2"]
[BlackTeam "Ukraine"]
[WhiteFideId "1506102"]
[BlackFideId "14100010"]
[EventDate "2014.08.02"]

1. Nf3 f5 2. d3 Nc6 3. d4 e6 4. g3 d5 5. Bg2 Rb8 6. O-O Nf6 7. Bf4 b5 8. b3 Ba6
9. Qc1 Bd6 10. Nbd2 O-O 11. e3 Ne4 12. Re1 Qe7 13. a3 Na5 14. Bf1 Rb6 15. c3 g5
16. Bxd6 cxd6 17. b4 Nb7 18. a4 Rc8 19. Nxe4 fxe4 20. Nd2 Nd8 21. axb5 Bxb5 22.
Bxb5 Rxb5 23. Ra3 Rxb4 24. cxb4 Rxc1 25. Rxc1 Qb7 26. Rac3 Nf7 27. Rc8+ Kg7 28.
R1c7 Qxb4 29. Nf1 1-0

[Event "Olimpiade 2014 - Open"]
[Site "Tromsø"]
[Date "03.08.2014"]
[Round "2.2"]
[Board "2"]
[White "Eljanov, Pavel"]
[Black "Elsness, Frode"]
[Result "1/2-1/2"]
[WhiteTitle "GM"]
[BlackTitle "IM"]
[WhiteElo "2723"]
[BlackElo "2477"]
[WhiteTeam "Ukraine"]
[BlackTeam "Norway 2"]
[WhiteFideId "14102951"]
[BlackFideId "1501100"]
[EventDate "2014.08.02"]

1. d4 Nf6 2. c4 e6 3. Nf3 Bb4+ 4. Bd2 Qe7 5. g3 Bxd2+ 6. Qxd2 Nc6 7. b3 d5 8.
Bg2 O-O 9. O-O Rd8 10. cxd5 exd5 11. Rc1 Bg4 12. Nc3 Ne4 13. Qf4 Bxf3 14. Bxf3
Nxd4 15. Nxe4 Ne6 16. Qe5 dxe4 17. Bxe4 c6 18. Rd1 Qc5 19. Qxc5 Nxc5 20. Bc2 a5
21. Kg2 Kf8 22. f4 h6 23. Kf3 Ke7 24. e4 Ne6 25. Ke3 c5 26. e5 Nd4 27. Be4 Rd7
28. Rac1 Rc8 29. a3 b6 30. b4 axb4 31. axb4 Ra7 32. Ra1 Rcc7 33. f5 f6 34. e6
Kd6 35. g4 Ke5 36. bxc5 bxc5 37. Rdc1 Rxa1 38. Rxa1 h5 39. h3 hxg4 40. hxg4 g6
41. fxg6 f5 42. gxf5 Nxf5+ 43. Kf3 Nd4+ 44. Kg4 Nxe6 45. Bf5 Nd4 46. Re1+ Kf6
47. Bb1 c4 48. Rf1+ Kg7 49. Rh1 Kf6 50. Rf1+ 1/2-1/2

[Event "Olimpiade 2014 - Open"]
[Site "Tromsø"]
[Date "03.08.2014"]
[Round "2.2"]
[Board "3"]
[White "Hansen, Torbjorn Ringdal"]
[Black "Korobov, Anton"]
[Result "1/2-1/2"]
[WhiteTitle "IM"]
[BlackTitle "GM"]
[WhiteElo "2450"]
[BlackElo "2680"]
[WhiteTeam "Norway 2"]
[BlackTeam "Ukraine"]
[WhiteFideId "1501720"]
[BlackFideId "14105730"]
[EventDate "2014.08.02"]

1. e4 c5 2. Nf3 e6 3. g3 d5 4. exd5 exd5 5. d4 Nc6 6. Bg2 Bg4 7. O-O cxd4 8. Qd3
Bc5 9. c3 Bxf3 10. Qxf3 Nge7 11. cxd4 Bxd4 12. Nc3 O-O 13. Nxd5 Nxd5 14. Qxd5
Qb6 15. Qb3 Qxb3 16. axb3 Rad8 17. Bxc6 bxc6 18. Be3 Bxe3 19. fxe3 Rd3 20. Rxa7
Rxb3 21. Rc7 Rxb2 22. Rxc6 Re2 23. Rc3 Re8 24. Rfc1 h6 25. Rc8 Rxe3 26. Rxe8+
Rxe8 27. Kf2 Kh7 28. h4 Kg6 29. Kf3 Ra8 30. Rc6+ f6 31. Rc7 Ra3+ 32. Kg2 h5 33.
Rb7 Ra6 34. Kf3 f5 35. Kf4 Ra4+ 36. Kf3 Rg4 37. Rb6+ Kf7 38. Rb7+ Ke6 39. Rb6+
Kd7 40. Rb5 g6 41. Rb6 Ke7 42. Ra6 Kf7 43. Ra7+ Kf6 44. Ra6+ Ke5 45. Ra5+ Kd4
46. Ra4+ Ke5 47. Ra5+ Kf6 48. Ra6+ Kg7 49. Ra7+ Kh6 50. Rf7 Ra4 51. Ke3 1/2-1/2

[Event "Olimpiade 2014 - Open"]
[Site "Tromsø"]
[Date "03.08.2014"]
[Round "2.2"]
[Board "4"]
[White "Moiseenko, Alexander"]
[Black "Tari, Aryan"]
[Result "1-0"]
[WhiteTitle "GM"]
[BlackTitle "IM"]
[WhiteElo "2707"]
[BlackElo "2440"]
[WhiteTeam "Ukraine"]
[BlackTeam "Norway 2"]
[WhiteFideId "14102560"]
[BlackFideId "1510045"]
[EventDate "2014.08.02"]

1. d4 Nf6 2. c4 g6 3. Nc3 d5 4. cxd5 Nxd5 5. Bd2 Nb6 6. e3 Bg7 7. f4 c5 8. dxc5
N6d7 9. Ne4 O-O 10. Nf3 Bxb2 11. Rb1 Bg7 12. Bc4 Nc6 13. O-O Nf6 14. Neg5 h6 15.
Nxf7 Rxf7 16. Ne5 e6 17. Nxf7 Kxf7 18. Qc2 Qc7 19. f5 gxf5 20. Rxf5 Ke7 21. Rf4
Ne5 22. Bc3 Bd7 23. Rxf6 Bxf6 24. Qh7+ Kd8 25. Qg8+ Ke7 26. Qxa8 Bc8 27. Be2 Kf7
28. Qxa7 1-0

[Event "Olimpiade 2014 - Open"]
[Site "Tromsø"]
[Date "03.08.2014"]
[Round "2.3"]
[Board "1"]
[White "Nyback, Tomi"]
[Black "Carlsen, Magnus"]
[Result "1/2-1/2"]
[WhiteTitle "GM"]
[BlackTitle "GM"]
[WhiteElo "2591"]
[BlackElo "2877"]
[WhiteTeam "Finland"]
[BlackTeam "Norway"]
[WhiteFideId "503142"]
[BlackFideId "1503014"]
[EventDate "2014.08.02"]

1. d4 d5 2. c4 c6 3. Nf3 Nf6 4. Qc2 dxc4 5. Qxc4 Bg4 6. Nc3 Nbd7 7. e4 e5 8.
Nxe5 Nxe5 9. dxe5 Be6 10. Qd3 Ng4 11. Qxd8+ Rxd8 12. Bf4 Bc5 13. Bg3 Bd4 14. Rd1
Bxe5 15. Rxd8+ Kxd8 16. Bxe5 Nxe5 17. f4 Ng4 18. Be2 Nh6 19. Kf2 f6 20. h3 Nf7
21. Bg4 Ke7 22. Bxe6 Kxe6 23. Rd1 Rd8 24. Rxd8 Nxd8 25. b4 Kd6 26. Ke3 a6 27.
Na4 Ne6 28. f5 Nd8 29. Kd4 Nf7 30. Nc5 b6 31. Nxa6 Ne5 32. a4 Nd7 33. Kc4 Ne5+
34. Kd4 Nd7 35. Kc4 Ne5+ 36. Kd4 1/2-1/2

[Event "Olimpiade 2014 - Open"]
[Site "Tromsø"]
[Date "03.08.2014"]
[Round "2.3"]
[Board "2"]
[White "Agdestein, Simen"]
[Black "Karttunen, Mika"]
[Result "1/2-1/2"]
[WhiteTitle "GM"]
[BlackTitle "IM"]
[WhiteElo "2630"]
[BlackElo "2437"]
[WhiteTeam "Norway"]
[BlackTeam "Finland"]
[WhiteFideId "1500015"]
[BlackFideId "502081"]
[EventDate "2014.08.02"]

1. d4 Nf6 2. c4 e6 3. Nf3 Bb4+ 4. Nbd2 d6 5. a3 Bxd2+ 6. Bxd2 Ne4 7. Be3 Nd7 8.
g3 a5 9. Bg2 a4 10. O-O O-O 11. Qc2 f5 12. Ne1 Nef6 13. c5 dxc5 14. dxc5 c6 15.
Bd2 Qe7 16. Bb4 Ng4 17. h3 Nh6 18. e4 fxe4 19. Qxe4 Nf6 20. Qe2 e5 21. Nf3 e4
22. Nd2 Nf7 23. f4 Bd7 24. g4 Rae8 25. g5 Nd5 26. Nxe4 Bxh3 27. Bxh3 Qxe4 28.
Qxe4 Rxe4 29. Bd2 g6 30. Rae1 Rfe8 31. Rxe4 Rxe4 32. f5 Re5 33. fxg6 hxg6 34.
Bc8 Nxg5 35. Bxb7 Ne4 36. Bf4 Re6 37. Bd6 Ne7 38. Rd1 Kf7 39. Rd4 Nf5 40. Rxa4
Nexd6 41. Bxc6 Re1+ 42. Kf2 Rb1 43. cxd6 Rxb2+ 44. Ke1 Nxd6 45. Rd4 Nf5 46. Rd3
Kf6 47. a4 Rc2 48. Bb7 Ra2 49. Bc6 g5 50. Bd7 1/2-1/2

[Event "Olimpiade 2014 - Open"]
[Site "Tromsø"]
[Date "03.08.2014"]
[Round "2.3"]
[Board "3"]
[White "Sipila, Vilka"]
[Black "Johannessen, Leif Erlend"]
[Result "1/2-1/2"]
[WhiteTitle "IM"]
[BlackTitle "GM"]
[WhiteElo "2425"]
[BlackElo "2528"]
[WhiteTeam "Finland"]
[BlackTeam "Norway"]
[WhiteFideId "505455"]
[BlackFideId "1501674"]
[EventDate "2014.08.02"]

1. Na3 e5 2. Nc4 Nc6 3. e4 Nf6 4. d3 Bc5 5. Be3 Bxe3 6. Nxe3 d5 7. exd5 Nxd5 8.
Nf3 O-O 9. Nxd5 Qxd5 10. Be2 Bg4 11. O-O Rad8 12. Re1 Rfe8 13. a3 a5 14. Qb1 Qd6
15. Bd1 h6 16. Nd2 Be6 17. Bf3 Bd5 18. Bxd5 Qxd5 19. Nf3 Re6 20. Re3 Rde8 21. b4
axb4 22. axb4 Nd4 23. Ra5 b5 24. h3 Nxf3+ 25. Rxf3 e4 26. dxe4 Rxe4 27. Ra1 Qe5
28. Qa2 Qxa1+ 29. Qxa1 Re1+ 30. Qxe1 Rxe1+ 31. Kh2 Re4 32. Rc3 Rxb4 33. Rxc7 Rb2
34. g4 b4 35. Kg2 b3 36. cxb3 Rxb3 1/2-1/2

[Event "Olimpiade 2014 - Open"]
[Site "Tromsø"]
[Date "03.08.2014"]
[Round "2.3"]
[Board "4"]
[White "Lie, Kjetil A."]
[Black "Ebeling, Daniel"]
[Result "1/2-1/2"]
[WhiteTitle "GM"]
[BlackTitle "FM"]
[WhiteElo "2528"]
[BlackElo "2445"]
[WhiteTeam "Norway"]
[BlackTeam "Finland"]
[WhiteFideId "1501984"]
[BlackFideId "505170"]
[EventDate "2014.08.02"]

1. e4 c5 2. Nf3 Nc6 3. Bb5 Nf6 4. Bxc6 dxc6 5. d3 Nd7 6. Bf4 g6 7. Qc1 Bg7 8.
Bh6 Qa5+ 9. c3 Ne5 10. Nxe5 Bxe5 11. O-O f6 12. Be3 Be6 13. f4 Bc7 14. Nd2 Qa6
15. Qc2 Rd8 16. c4 b6 17. a4 O-O 18. a5 Qb7 19. Ra3 Rd7 20. f5 Bf7 21. axb6 axb6
22. Nf3 Rfd8 23. e5 gxf5 24. exf6 exf6 25. Nh4 Be5 26. Nxf5 Bg6 27. Qe2 Bxf5 28.
Rxf5 Rg7 29. Qf3 Bxb2 30. Rb3 Qa8 31. Rxb6 Rxd3 32. Qe2 Rxe3 33. Qxb2 Re1+ 34.
Rf1 Rxf1+ 35. Kxf1 Qa4 36. Rb8+ Kf7 37. Rb7+ Kg8 38. Rb8+ Kf7 39. Rb7+ Kg6 40.
Qb1+ f5 41. Rxg7+ Kxg7 42. Qc1 Kf7 43. h4 Qb3 44. Kg1 Qg3 45. Qh6 Qg6 46. Qf4
Qf6 47. Kh2 Ke6 48. g3 Qb2+ 49. Kh3 Qb1 50. Qh6+ Ke5 51. Qf4+ Ke6 52. Qh6+ Ke5 1/2-1/2

[Event "Olimpiade 2014 - Open"]
[Site "Tromsø"]
[Date "03.08.2014"]
[Round "2.4"]
[Board "2"]
[White "Khatanbaatar, Bazar"]
[Black "Fressinet, Laurent"]
[Result "0-1"]
[WhiteTitle "GM"]
[BlackTitle "GM"]
[WhiteElo "2390"]
[BlackElo "2708"]
[WhiteTeam "Mongolia"]
[BlackTeam "France"]
[WhiteFideId "4900332"]
[BlackFideId "608742"]
[EventDate "2014.08.02"]

1. e4 e5 2. Nf3 Nc6 3. d4 exd4 4. Nxd4 Qf6 5. Nb3 Qg6 6. f3 Bd6 7. Nc3 Nge7 8.
Be3 Bxh2 9. Ne2 Bg3+ 10. Nxg3 Qxg3+ 11. Bf2 Qe5 12. c3 d5 13. Qe2 dxe4 14. fxe4
O-O 15. O-O-O Qf4+ 16. Be3 Qxe4 17. Qf2 Bf5 18. Bd3 Qg4 19. Bxf5 Nxf5 20. Bf4
Rfe8 21. Rhe1 Nd6 22. g3 Rxe1 23. Rxe1 h6 24. Nc5 Qg6 25. Qf3 Rd8 26. b3 Qf6 27.
Kb2 Kh7 28. Qe2 Qf5 29. Bxd6 Rxd6 30. Nxb7 Re6 31. Qf1 Qxf1 32. Rxf1 Re2+ 33.
Ka3 Ne5 34. Nd8 Kg6 35. Rf4 Re3 36. Ra4 Rxg3 37. Rxa7 Rxc3 38. Kb2 Rd3 39. Nb7
h5 40. Nc5 Rd5 41. b4 h4 42. Rxc7 h3 43. Rc8 h2 44. Rh8 Nc4+ 0-1

[Event "Olimpiade 2014 - Open"]
[Site "Tromsø"]
[Date "03.08.2014"]
[Round "2.4"]
[Board "3"]
[White "Edouard, Romain"]
[Black "Gundavaa, Bayarsaikhan"]
[Result "1-0"]
[WhiteTitle "GM"]
[BlackTitle "GM"]
[WhiteElo "2680"]
[BlackElo "2501"]
[WhiteTeam "France"]
[BlackTeam "Mongolia"]
[WhiteFideId "633429"]
[BlackFideId "4901045"]
[EventDate "2014.08.02"]

1. d4 Nf6 2. c4 e6 3. Nc3 Bb4 4. Nf3 d5 5. cxd5 exd5 6. Bg5 h6 7. Bh4 Nbd7 8.
Qc2 c6 9. e3 g5 10. Bg3 Ne4 11. Bd3 Nxg3 12. hxg3 Nb6 13. a3 Bd6 14. O-O-O Be6
15. e4 g4 16. Nh4 dxe4 17. Bxe4 Qg5+ 18. Kb1 O-O-O 19. d5 cxd5 20. Bxd5 Bxd5 21.
Ne4+ Kb8 22. Nxg5 hxg5 23. Nf5 Rxh1 24. Rxh1 Be5 25. Rd1 Rc8 26. Qxc8+ Kxc8 27.
Ne7+ Kd7 28. Nxd5 Nxd5 29. Rxd5+ Ke6 30. Rb5 b6 31. Kc2 f5 32. Kd3 1-0

[Event "Olimpiade 2014 - Open"]
[Site "Tromsø"]
[Date "03.08.2014"]
[Round "2.4"]
[Board "4"]
[White "Munkhgal, Gombosuren"]
[Black "Tkachiev, Vladislav"]
[Result "0-1"]
[WhiteTitle "IM"]
[BlackTitle "GM"]
[WhiteElo "2418"]
[BlackElo "2624"]
[WhiteTeam "Mongolia"]
[BlackTeam "France"]
[WhiteFideId "4901266"]
[BlackFideId "618438"]
[EventDate "2014.08.02"]

1. d4 d6 2. e4 g6 3. c4 Bg7 4. Nc3 Nf6 5. f3 O-O 6. Be3 a6 7. Nge2 c6 8. a4 Nbd7
9. Qd2 e5 10. Rd1 Re8 11. d5 cxd5 12. cxd5 Nh5 13. b4 f5 14. a5 b6 15. axb6 Nxb6
16. Nc1 Bd7 17. Nb3 Na4 18. Bd3 Nf4 19. O-O Nxc3 20. Qxc3 fxe4 21. fxe4 Rc8 22.
Qd2 Nxd3 23. Qxd3 Bb5 24. Qd2 Bxf1 25. Rxf1 Qh4 26. Qd3 Rf8 27. Bf2 Qf4 28. Nc5
dxc5 29. bxc5 Bh6 30. d6 Qd2 31. Qxd2 Bxd2 32. Rd1 Ba5 33. Ra1 Bb4 34. Rc1 Rc6
35. Be3 Bxc5 36. Bxc5 Rfc8 37. Kf2 Kf7 38. d7 Rd8 39. Ke3 Ke6 40. Be7 Rxc1 41.
Bxd8 Kxd7 0-1

[Event "Olimpiade 2014 - Open"]
[Site "Tromsø"]
[Date "03.08.2014"]
[Round "2.5"]
[Board "1"]
[White "Smerdon, David"]
[Black "Aronian, Levon"]
[Result "1/2-1/2"]
[WhiteTitle "GM"]
[BlackTitle "GM"]
[WhiteElo "2513"]
[BlackElo "2805"]
[WhiteTeam "Australia"]
[BlackTeam "Armenia"]
[WhiteFideId "3202305"]
[BlackFideId "13300474"]
[EventDate "2014.08.02"]

1. e4 d6 2. d4 Nf6 3. Nc3 Nbd7 4. f4 e5 5. fxe5 dxe5 6. dxe5 Nxe5 7. Qxd8+ Kxd8
8. Bg5 c6 9. O-O-O+ Kc7 10. Nf3 Bd6 11. Be2 Nxf3 12. gxf3 Nh5 13. Rxd6 Kxd6 14.
Rd1+ Kc7 15. Be7 b6 16. f4 g6 17. b4 a6 18. a4 Kb7 19. Bxh5 gxh5 20. f5 Re8 21.
Bf6 Ra7 22. a5 bxa5 23. bxa5 Kb8 24. Rd6 Rd7 25. Rxc6 Bb7 26. Rb6 Ka8 27. Rb4
Rc7 28. Nd5 Bxd5 29. exd5 Rec8 30. c3 Rd7 31. Rb6 Rxd5 32. Rxa6+ Kb7 33. Rb6+
Ka7 34. Kc2 Rxa5 35. Bd4 Ka8 36. Rf6 Rc7 37. Kd3 Re7 38. h4 Kb7 39. Kc4 Rc7+ 40.
Kd3 Re7 41. Kc4 Rd7 42. Rb6+ Kc8 43. Rf6 Re7 44. Kb4 Rd5 45. Kc4 Red7 46. Rc6+
Kb7 47. Rb6+ Kc7 48. Rf6 h6 49. Be3 Rd3 50. Bd4 Rf3 51. Kc5 Re7 52. Kd5 Kc8 53.
Be5 Kd7 54. Rb6 f6 55. Rxf6 Ke8 56. Bd4 Rf4 57. Kd6 Rb7 58. Re6+ Kf8 59. Ke5
Rxh4 60. Rxh6 Kg7 61. Rg6+ Kh7 62. Rg5 Rg7 63. Kf6 Rg8 64. Rxg8 Kxg8 65. Kg5 Rh2
66. Be5 Rh3 67. Bd4 Rh2 68. Be5 Rh1 69. Bd4 h4 70. Kg4 Kf7 71. Bf2 h3 72. Bd4 1/2-1/2